000
00370nam a2200169Ia 4500
003
IT-RoPAU
008
120407s9999 xx 000 0 und d
040
_a
IT-RoPAU
040
_c
IT-RoPAU
100
_a
Mauro Laeng
245
_a
L'educazione nella civiltà tecnologica
250
_a
Roma
260
_a
Armando Armando
300
_c
cm
490
_v
1
942
_c
BK
999
_c
926
_d
926